| 000 | 01509nam a22004217a 4500 | ||
|---|---|---|---|
| 005 | 20240530110511.0 | ||
| 008 | 151101s2010 ua a g 000 0 ara d | ||
| 017 |
_a2010/24922 _bمصر . دار الكتب المصرية |
||
| 040 | _aEG-CaGPL | ||
| 082 | 0 | 4 |
_221 _a364.1524\ _bى م |
| 100 | 0 | _aيوسف حسن المصرى | |
| 245 | 1 | 2 |
_aالموساد واغتيال علماء العرب / _cاعداد وتاليف يوسف حسن المصرى |
| 250 | _aط1. | ||
| 260 |
_aالقاهرة : _bمكتبة جزيرة الورد ، _c2010 . |
||
| 300 |
_a160 ص ؛ _c24 سم . |
||
| 600 | 0 | _aمصطفى مشرفة . | |
| 600 | 0 | _aمصطفى حافظ . | |
| 600 | 0 | _aسعيد السيد بدير . | |
| 600 | 0 | _aنبيل احمد فليفل . | |
| 600 | 0 | _aنبيل القلينى . | |
| 600 | 0 | _aعبده شكر . | |
| 600 | 0 | _aسمير نجيب . | |
| 600 | 0 | _aعبير عياش . | |
| 600 | 0 | _aرمال حسن رمال . | |
| 600 | 0 | _aناجى العلى . | |
| 600 | 0 | _aسلوى حبيب . | |
| 600 | 0 | _aجمال حمدان . | |
| 600 | 0 | _aسامية عبدالرحيم ميمنى . | |
| 600 | 0 | _aحسن كامل الصباح . | |
| 600 | 0 | _aيحيى المشد . | |
| 600 | 0 | _aسميرة موسى . | |
| 650 | 0 | 4 | _aالجرائم السياسية . |
| 650 | 0 | 4 |
_aالعلماء العرب _xاغتيال . |
| 650 | 0 | 4 | _aجرائم ضد الانسانية . |
| 650 | 0 | 4 | _aالاغتيال . |
| 942 |
_2ddc _cBK |
||
| 999 |
_c61671 _d61671 |
||